Dance Moms, all of Mackenzie's solos - Statistics

General Stats
  • This quiz has been taken 94 times
  • The average score is 20 of 36
Answer Stats
Hints Answer % Correct
MT Mouse Trap
84%
IJWSOTCAEC I Just Want to Siton the Couch and Eat Chips
79%
TPSRN The Party Starts Right Now
79%
C Cry
77%
SOS Sink or Swim
77%
KB Killer Bee
74%
TH The Hero
74%
BC Bat Crazy
72%
B Bully
70%
BIB Bigger Isn't Better
65%
DD Dance Doctor
63%
GG Goodie Goodie
58%
R Red
56%
SCW Shoulda Coulda Woulda
56%
DTMF Don't Take My Fire
53%
H Hollywood
53%
L Lemonade
53%
WMF Watch Me Fly
53%
AIW All I Want
51%
BB Boom Boom
51%
CA California Adventure
51%
DB Dancing Barefoot
51%
IAPDFF It's A Perfect Day For Fun
51%
TITG Take It to Go
51%
WAY Who Are You
51%
DC Daisy Chains
49%
ITSF If The Shoe Fits
49%
LIW Love is War
49%
LO Love Overdose
49%
OOMM Out of My Mind
49%
OW Old West
47%
RFTS Reach for the Stars
44%
S Superstar
42%
D Dreamer
40%
BLY Boys Like You
37%
UNULI U No U Luv It
35%
No matching quizzes found
Score Distribution
Percent of People with Each Score
Percentile by Number Answered
Your Score History
You have not taken this quiz